Christianity according to Paul /

में बचाया:
ग्रंथसूची विवरण
मुख्य लेखक: Bouttier, Michel
स्वरूप: पुस्तक
भाषा:अंग्रेज़ी
प्रकाशित: London : SCM, 1966.
श्रृंखला:Studies in biblical theology No.49
विषय:
टैग: टैग जोड़ें
कोई टैग नहीं, इस रिकॉर्ड को टैग करने वाले पहले व्यक्ति बनें!

MARC

LEADER 00000cam a22000002a 4500
001 0000004205
003 DAYSTAR
005 20171002014305.0
008 030703s1966 xx 001 0 eng d
040 |a Daystar 
040 |d Kmbae 
050 1 |a BS2651  |b .B68 
100 1 |a Bouttier, Michel. 
245 1 0 |a Christianity according to Paul /  |c Michel Bouttier. 
260 |a London :  |b SCM,  |c 1966. 
300 |a 127 p. 
440 0 |a Studies in biblical theology No.49 
650 0 |a Paul, the Apostle, Saint. 
908 |a 060412 
942 |c G 
952 |0 0  |1 0  |4 0  |6 BS_2651_000000000000000_B68  |7 0  |9 229  |a DUA  |b DUA  |c GC  |d 2017-09-28  |l 0  |o BS2651.B68  |p BK004094  |r 2017-09-28 00:00:00  |w 2017-09-28  |x 56562  |y G 
999 |c 159  |d 159